000 00617nam a2200181 a 4500
001 000036498
005 20200930075750.0
008 120118s1986 it ac 000 0 spa d
020 _a9253023015
040 _aDO-SdBNP
_bspa
_cBNPHU
082 _axxxx
_bC294
245 0 3 _aLa carpa común.
260 _aRoma, Italia :
_bOrganización de las Naciones Unidas para la Agricultura y la Alimentación,
_c1986.
300 _a87 p. :
_bils., retr. ;
_c18 cm.
490 1 _aColección FAO: capcitación
_v8
505 0 _gParte 1
_tProducción masiva de huevos y prealevines
830 0 _aColección FAO: capcitación
_v8
_962740
999 _c35989
_d35989